000 00753nam a2200289Ia 4500
005 20260324130624.0
008 008 260324s9999 xx 000 0 eng d
020 _a9780203933053
037 _aEBOOK
040 _aCRL
040 _beng
040 _cCRL
041 _2eng
041 _aeng
084 _qCRL
100 _aAnne Watkinson
_91174405
245 0 _aLeading and Managing Teaching Assistants
245 2 _bA Practical Guide for School Leaders, Managers, Teachers and Higher-Level Teaching Assistants
260 _bTaylor and Francis
260 _c2007
365 _a
365 _b290
856 _uhttp://www.taylorfrancis.com/books/9780203933053
942 _cEBOOK
999 _c1778804
_d1778804